Structural design for fire safety / (Record no. 535537)

000 -LEADER
fixed length control field 01620cam a2200373 i 4500
001 - CONTROL NUMBER
control field 19175097
003 - CONTROL NUMBER IDENTIFIER
control field NUST
005 - DATE AND TIME OF LATEST TRANSACTION
control field 20200917111242.0
008 - FIXED-LENGTH DATA ELEMENTS--GENERAL INFORMATION
fixed length control field 160713s2017 enka b 001 0 eng
010 ## - LIBRARY OF CONGRESS CONTROL NUMBER
LC control number 2016032579
020 ## - INTERNATIONAL STANDARD BOOK NUMBER
International Standard Book Number 9780470972892 (cloth)
020 ## - INTERNATIONAL STANDARD BOOK NUMBER
Canceled/invalid ISBN 9781118700396 (epub)
038 ## - RECORD CONTENT LICENSOR
Staff Name MSOHAIL
040 ## - CATALOGING SOURCE
Original cataloging agency DLC
Language of cataloging eng
Transcribing agency DLC
Description conventions rda
Modifying agency DLC
042 ## - AUTHENTICATION CODE
Authentication code pcc
050 00 - LIBRARY OF CONGRESS CALL NUMBER
Classification number TH1065
Item number .B89 2017
082 00 - DEWEY DECIMAL CLASSIFICATION NUMBER
Classification number 693.82
Edition number 23
Author Mark BUC
100 1# - MAIN ENTRY--PERSONAL NAME
Personal name Buchanan, Andrew Hamilton,
Dates associated with a name 1948-
Relator term author.
9 (RLIN) 30143
245 10 - TITLE STATEMENT
Title Structural design for fire safety /
Statement of responsibility, etc. Andrew H. Buchanan & Anthony K. Abu.
250 ## - EDITION STATEMENT
Edition statement Second edition.
264 #1 - PRODUCTION, PUBLICATION, DISTRIBUTION, MANUFACTURE, AND COPYRIGHT NOTICE
Place of production, publication, distribution, manufacture Chichester, West Sussex, United Kingdom :
Name of producer, publisher, distributor, manufacturer John Wiley & Sons Inc.,
Date of production, publication, distribution, manufacture, or copyright notice 2017.
300 ## - PHYSICAL DESCRIPTION
Extent xxi, 415 pages :
Other physical details illustrations ;
Dimensions 25 cm
336 ## - CONTENT TYPE
Content type term text
Content type code txt
Source rdacontent
337 ## - MEDIA TYPE
Media type term unmediated
Media type code n
Source rdamedia
338 ## - CARRIER TYPE
Carrier type term volume
Carrier type code nc
Source rdacarrier
504 ## - BIBLIOGRAPHY, ETC. NOTE
Bibliography, etc. note Includes bibliographical references and index.
505 0# - FORMATTED CONTENTS NOTE
Formatted contents note Fire safety in buildings -- Fires and heat -- Fire severity and fire resistance -- Design of structures exposed to fire -- Steel structures -- Concrete structures -- Composite structures -- Timber structures -- Light frame construction advanced calculation methods -- Design recommendations.
650 #0 - SUBJECT ADDED ENTRY--TOPICAL TERM
Topical term or geographic name entry element Building, Fireproof.
9 (RLIN) 24937
650 #0 - SUBJECT ADDED ENTRY--TOPICAL TERM
Topical term or geographic name entry element Structural engineering.
9 (RLIN) 30144
700 1# - ADDED ENTRY--PERSONAL NAME
Personal name Abu, Anthony,
Relator term author.
9 (RLIN) 30145
906 ## - LOCAL DATA ELEMENT F, LDF (RLIN)
a 7
b cbc
c orignew
d 1
e ecip
f 20
g y-gencatlg
942 ## - ADDED ENTRY ELEMENTS (KOHA)
Source of classification or shelving scheme
Koha item type Book
Holdings
Withdrawn status Lost status Source of classification or shelving scheme Damaged status Not for loan Permanent Location Current Location Date acquired Total Checkouts Full call number Barcode Date last seen Price effective from Koha item type
          School of Civil and Environmental Engineering (SCEE) School of Civil and Environmental Engineering (SCEE) 09/16/2020   693.82 BUC NIT-13264 09/16/2020 09/16/2020 Book
© 2023 Central Library, National University of Sciences and Technology. All Rights Reserved.